<?xml version="1.0" encoding="UTF-8"?>
<record
    xmlns:xsi="http://www.w3.org/2001/XMLSchema-instance"
    xsi:schemaLocation="http://www.loc.gov/MARC21/slim http://www.loc.gov/standards/marcxml/schema/MARC21slim.xsd"
    xmlns="http://www.loc.gov/MARC21/slim">

  <leader>03093nam a2200313 i 4500</leader>
  <controlfield tag="003">CSPC</controlfield>
  <controlfield tag="005">20260306110223.0</controlfield>
  <controlfield tag="008">260306s2025    ph a     b    000 0 eng d</controlfield>
  <datafield tag="040" ind1=" " ind2=" ">
    <subfield code="a">CSPC</subfield>
    <subfield code="b">eng </subfield>
    <subfield code="c">CSPC</subfield>
    <subfield code="e">rda </subfield>
  </datafield>
  <datafield tag="090" ind1=" " ind2=" ">
    <subfield code="a">UTH BSOA T141e 2025</subfield>
  </datafield>
  <datafield tag="100" ind1="1" ind2=" ">
    <subfield code="a">Talangan, Jasper E., </subfield>
    <subfield code="e">author. </subfield>
  </datafield>
  <datafield tag="245" ind1="1" ind2="0">
    <subfield code="a">Evaluating the effectiveness of total quality management (TQM) of document management in CSPC Buhi Campus / </subfield>
    <subfield code="c">Jasper E. Talangan, Ma. Marie B. Villaflor, and Joshua Nathan U. Zaballa. </subfield>
  </datafield>
  <datafield tag="260" ind1=" " ind2=" ">
    <subfield code="a">Buhi, Camarines Sur : </subfield>
    <subfield code="b">Camarines Sur Polytechnic Colleges, </subfield>
    <subfield code="c">2025. </subfield>
  </datafield>
  <datafield tag="300" ind1=" " ind2=" ">
    <subfield code="a">129 leaves. </subfield>
  </datafield>
  <datafield tag="336" ind1=" " ind2=" ">
    <subfield code="2">rdacontent</subfield>
    <subfield code="a">text</subfield>
  </datafield>
  <datafield tag="337" ind1=" " ind2=" ">
    <subfield code="2">rdamedia</subfield>
    <subfield code="a">unmediated</subfield>
  </datafield>
  <datafield tag="338" ind1=" " ind2=" ">
    <subfield code="2">rdacarrier</subfield>
    <subfield code="a">volume</subfield>
  </datafield>
  <datafield tag="502" ind1=" " ind2=" ">
    <subfield code="a">Undergraduate Thesis (BSOA)- Office Administration. </subfield>
    <subfield code="c">Camarines Sur Polytechnic Colleges, 2025.</subfield>
  </datafield>
  <datafield tag="504" ind1=" " ind2=" ">
    <subfield code="a">Includes bibliographical references. </subfield>
  </datafield>
  <datafield tag="520" ind1="3" ind2=" ">
    <subfield code="a">This research examined how well Total Quality Management (TQM) works in the document management and filling system of CSPC Buhi Campus. The main goal was to measure how much TQM was put into practice and how effective it was in managing documents. The important factors included TQM principles such as customer focus, employee involvement, process centered, communication and continuous improvement; along with the effectiveness of document management concerning accessibility, completeness, security and confidentiality. The study was conducted at CSPC Buhi Campus during Academic Year 2024-2025. The respondents of this study are total of 20 Regular Administrative Officers. Additionally, data was collected through a structured survey questionnaire to assess TQM implementation, system effectiveness, challenges, and best practices. A quantitative research method was used in this study. Results showed that TQM principles were mostly applied well in the document management system. Customer service was found to be effective, with employees actively involved in daily document management task and operations following organized procedures with clear communications. The aspects of document management such as accessibility, completeness, and security and confidentiality were seen as effectively maintained. However, challenges were identified, including strategic planning for TQM, outdated technology, difficulties in tracking processes, and resistance to changes in procedures. The study concludes that while CSPC Buhi Campus shows a strong use of TQM in document management, ongoing improvement in areas like strategic planning, technology upgrades, and feedback systems is needed to maintain quality, efficiency, and long-term effectiveness of the filing operations at CSPC Buhi Campus. </subfield>
  </datafield>
  <datafield tag="700" ind1="1" ind2=" ">
    <subfield code="a">Villaflor, Ma. Marie B., </subfield>
    <subfield code="e">author. </subfield>
  </datafield>
  <datafield tag="700" ind1="1" ind2=" ">
    <subfield code="a">Zaballa, Joshua Nathan U., </subfield>
    <subfield code="e">author. </subfield>
  </datafield>
  <datafield tag="720" ind1="1" ind2=" ">
    <subfield code="a">Verona, Lea Katrine S., </subfield>
    <subfield code="e">adviser. </subfield>
  </datafield>
  <datafield tag="720" ind1="1" ind2=" ">
    <subfield code="a">Villar, Mariber M., </subfield>
    <subfield code="e">panelist, chair. </subfield>
  </datafield>
  <datafield tag="720" ind1="1" ind2=" ">
    <subfield code="a">Infante, Leonisa O., </subfield>
    <subfield code="e">panelist. </subfield>
  </datafield>
  <datafield tag="720" ind1="1" ind2=" ">
    <subfield code="a">Adriano, Rolando B., </subfield>
    <subfield code="e">panelist. </subfield>
  </datafield>
  <datafield tag="942" ind1=" " ind2=" ">
    <subfield code="2">ddc</subfield>
    <subfield code="n">0</subfield>
    <subfield code="c">UM</subfield>
    <subfield code="h">T141e </subfield>
    <subfield code="i">UTH </subfield>
    <subfield code="k">BSOA </subfield>
    <subfield code="m">2025</subfield>
  </datafield>
  <datafield tag="952" ind1=" " ind2=" ">
    <subfield code="0">0</subfield>
    <subfield code="1">0</subfield>
    <subfield code="2">ddc</subfield>
    <subfield code="4">0</subfield>
    <subfield code="7">0</subfield>
    <subfield code="a">BUHI</subfield>
    <subfield code="b">BUHI</subfield>
    <subfield code="c">UTH</subfield>
    <subfield code="d">2026-02-23</subfield>
    <subfield code="l">0</subfield>
    <subfield code="o">UTH BSOA T141e 2025</subfield>
    <subfield code="p">00295UM-BUH</subfield>
    <subfield code="r">2026-03-06 00:00:00</subfield>
    <subfield code="t">1-1</subfield>
    <subfield code="w">2026-03-06</subfield>
    <subfield code="y">UM</subfield>
  </datafield>
  <datafield tag="999" ind1=" " ind2=" ">
    <subfield code="c">31976</subfield>
    <subfield code="d">31976</subfield>
  </datafield>
</record>
